<?xml version="1.0" encoding="UTF-8"?><?xml-stylesheet type="text/xsl" href="static/style.xsl"?><OAI-PMH xmlns="http://www.openarchives.org/OAI/2.0/" xmlns:xsi="http://www.w3.org/2001/XMLSchema-instance" xsi:schemaLocation="http://www.openarchives.org/OAI/2.0/ http://www.openarchives.org/OAI/2.0/OAI-PMH.xsd"><responseDate>2026-04-13T07:19:56Z</responseDate><request verb="GetRecord" identifier="oai:www.recercat.cat:2072/476182" metadataPrefix="marc">https://recercat.cat/oai/request</request><GetRecord><record><header><identifier>oai:recercat.cat:2072/476182</identifier><datestamp>2024-11-04T08:04:52Z</datestamp><setSpec>com_2072_98</setSpec><setSpec>col_2072_378192</setSpec></header><metadata><record xmlns="http://www.loc.gov/MARC21/slim" xmlns:dcterms="http://purl.org/dc/terms/" xmlns:xsi="http://www.w3.org/2001/XMLSchema-instance" xmlns:doc="http://www.lyncode.com/xoai" xsi:schemaLocation="http://www.loc.gov/MARC21/slim http://www.loc.gov/standards/marcxml/schema/MARC21slim.xsd">
   <leader>00925njm 22002777a 4500</leader>
   <datafield ind2=" " ind1=" " tag="042">
      <subfield code="a">dc</subfield>
   </datafield>
   <datafield ind2=" " ind1=" " tag="720">
      <subfield code="a">Cebollada Marcén, Víctor</subfield>
      <subfield code="e">author</subfield>
   </datafield>
   <datafield ind2=" " ind1=" " tag="260">
      <subfield code="c">2024</subfield>
   </datafield>
   <datafield ind2=" " ind1=" " tag="520">
      <subfield code="a">La evaluación educativa es un proceso fundamental en el ámbito pedagógico que busca medir, valorar y mejorar el aprendizaje de los estudiantes, así como el rendimiento del sistema educativo en su conjunto. A través de la evaluación, se obtienen datos relevantes que permiten tomar decisiones informadas para mejorar los procesos de enseñanza y aprendizaje. La llegada de la digitalización a la educación nos ha ofrecido la posibilidad de incorporar numerosas plataformas y apps que nos facilitan la realización de este proceso, por lo que en el siguiente artículo he querido recopilar las distintas herramientas repartiéndolas entre los diferentes tipos de evaluación, junto con una pequeña introducción sobre el tema de la privacidad de datos de nuestro alumnado a la hora de manejarlas.</subfield>
   </datafield>
   <datafield ind1="8" ind2=" " tag="024">
      <subfield code="a">http://hdl.handle.net/2072/476182</subfield>
   </datafield>
   <datafield tag="653" ind2=" " ind1=" ">
      <subfield code="a">Evaluación digital</subfield>
   </datafield>
   <datafield tag="653" ind2=" " ind1=" ">
      <subfield code="a">Herramientas digitales y evaluación</subfield>
   </datafield>
   <datafield ind2="0" ind1="0" tag="245">
      <subfield code="a">Herramientas digitales para la evaluación</subfield>
   </datafield>
</record></metadata></record></GetRecord></OAI-PMH>